Javultak a népesedési viszonyok Szegeden a közigazgatási bizottság ülése
Elmentve itt :
| Dokumentumtípus: | Cikk |
|---|---|
| Megjelent: |
1918-09-17
|
| Sorozat: | Délmagyarország
7 No. 213 |
| Kulcsszavak: | Somogyi Szilveszter, Jánossy Gyula, Harsányi Elemér, Wolff Ferenc, Balogh Károly, Faur Kornél, Törös Sándor, Bagáry Kálmán, Közigazgatás Szeged 1918 |
| Online Access: | http://dmarchiv.bibl.u-szeged.hu/44190 |
| LEADER | 00601nab a2200145 i 4500 | ||
|---|---|---|---|
| 001 | delm44190 | ||
| 005 | 20180927131939.0 | ||
| 008 | 180927s1918 hu o 0|| hun d | ||
| 040 | |a SZTE Délmagyarország Archívum |b hun | ||
| 041 | |a hun | ||
| 245 | 0 | 0 | |a Javultak a népesedési viszonyok Szegeden |h [elektronikus dokumentum] : |b a közigazgatási bizottság ülése |
| 260 | |c 1918-09-17 | ||
| 300 | |a 4-5 | ||
| 490 | 0 | |a Délmagyarország |v 7 No. 213 | |
| 695 | |a Somogyi Szilveszter, Jánossy Gyula, Harsányi Elemér, Wolff Ferenc, Balogh Károly, Faur Kornél, Törös Sándor, Bagáry Kálmán, Közigazgatás Szeged 1918 | ||